000 00620nam a2200217Ia 4500
005 20230714094801.0
008 131103s9999 xx 000 0 und d
020 _cRs.12.75
040 _aLoreto College
041 _aEnglish
082 _a311
_bMUE
100 _aMueller,Johm H.
245 _aStatistical reasoning in sociology
_cJohn H.Mueller and Karl F.Schuessler
260 _aCalcutta
_bOxford & IBH Publishing
_c1961
300 _axv,442 p.
_b illus.,fig.
504 _aIncludes index
650 _aCollection Of General Statistics
700 _aSchuessler,Karl F.,auth
850 _aLCLIB
942 _cBK
999 _c11067
_d61546